000 00152nam a22000857a 4500
082 _a823
100 _aDEFOR, DANIEL
245 _aROBINS CRUSOE
942 _cBK
999 _c8108
_d8108